Optimización del porcentaje de muros de mampostería en edificios tipo muro

محفوظ في:
التفاصيل البيبلوغرافية
المؤلف الرئيسي: Benavides Jiménez, Andrés
التنسيق: كتاب
منشور في: [San José, Costa Rica] 2007
الموضوعات:
الوسوم: إضافة وسم
لا توجد وسوم, كن أول من يضع وسما على هذه التسجيلة!

MARC

LEADER 00000nam a2200000Ia 4500
003 009903
005 20221231144109.0
008 140114s2007 cr a 000 ||s d
040 |c cru CEDI  
090 |a TFG 5431 
100 |a Benavides Jiménez, Andrés  |9 4912 
245 |a  Optimización del porcentaje de muros de mampostería en edificios tipo muro  
260 |c 2007  |b [San José, Costa Rica] 
300 |a xi, 91 hojas (algunas plegables); ilustraciones a color, planos 
500 |a Proyecto de graduación (licenciatura en ingeniería civil)--Universidad de Costa Rica. Facultad de Ingeniería. Escuela de Ingeniería Civil 
650 |x CONSTRUCCIONES DE HORMIGON PRETENSADO   |x  DISEÑO DE ESTRUCTURAS   |x EFECTOS SISMICOS  |x CONSTRUCCIONES ANTISISMICAS  |x  ANALISIS ESTRUCTURAL (INGENIERIA)  |9 4913 
942 |c BK 
999 |c 16844  |d 16844